O povstaleckej inteligencii (Hrsť spomienok.)

Bibliographic Details
Main Author: Pavlík, Ondrej, 1916-1996 (Author)
Format: Article
Language:Slovak
PhysicalDescription:Obr. 1.
Subjects:

MARC

LEADER 00000nab a2200000 a 4500
001 vtls000191714
003 SK-MaSNL
005 20260302205221.0
008 180409c1984 xo 0 slo
015 |a SNBRB19rr/mm-uuuuu 
035 |a CL0201827 
040 |a SNKBUCL  |b slo  |c SNKBUCL  |e AACR2 
041 0 |a slo 
044 |a xo  |c SK 
080 |a 943.76:323.26(091):301.15-058.237  |2 1981 
080 |a 323.26(091)  |2 1981 
080 |a 301.15-058.237  |2 1981 
100 1 |a Pavlík, Ondrej,  |d 1916-1996  |4 aut  |9 106869 
245 1 0 |a O povstaleckej inteligencii  |b (Hrsť spomienok.)  |c Ondrej Pavlík 
300 |b Obr. 1. 
650 0 7 |a Slovenské národné povstanie (1944)  |2 snkbucl  |9 177948 
650 0 7 |a inteligencia povstalecká  |2 snkbucl  |9 930740 
655 7 |a články z novín a časopisov  |2 snkbucl  |9 267496 
773 0 |t Nové slovo  |g Roč. 26, č. 34 (1984), s. 12 
850 |a Slovenská národná knižnica v Martine  |a MTA001 
852 |a SNK  |b KIS3GCP 
958 |a RK 
992 |a RBX 
999 |c 1476901  |d 1478831